<?xml version="1.0" encoding="UTF-8"?>
<record
    xmlns:xsi="http://www.w3.org/2001/XMLSchema-instance"
    xsi:schemaLocation="http://www.loc.gov/MARC21/slim http://www.loc.gov/standards/marcxml/schema/MARC21slim.xsd"
    xmlns="http://www.loc.gov/MARC21/slim">

  <leader>03102nam a2200241 a 4500</leader>
  <controlfield tag="001">000045965</controlfield>
  <controlfield tag="005">20250211105136.0</controlfield>
  <controlfield tag="008">150603s2015    dr ac         000 0 spa d</controlfield>
  <datafield tag="020" ind1=" " ind2=" ">
    <subfield code="z">9789945082388 v. 1</subfield>
  </datafield>
  <datafield tag="020" ind1=" " ind2=" ">
    <subfield code="z">9789945082395 v. 2</subfield>
  </datafield>
  <datafield tag="040" ind1=" " ind2=" ">
    <subfield code="a">DO-SdBNP</subfield>
    <subfield code="b">spa</subfield>
    <subfield code="c">BNPHU</subfield>
  </datafield>
  <datafield tag="082" ind1=" " ind2=" ">
    <subfield code="a">xxxx</subfield>
    <subfield code="b">xxxx</subfield>
  </datafield>
  <datafield tag="100" ind1="1" ind2=" ">
    <subfield code="a">Stern D&#xED;az, Herbert S.</subfield>
    <subfield code="d">1958-</subfield>
    <subfield code="9">13913</subfield>
  </datafield>
  <datafield tag="245" ind1="1" ind2="0">
    <subfield code="a">Apuntes y documentos para la historia de la medicina dominicana del siglo XX /</subfield>
    <subfield code="c">Herbert S. Stern D&#xED;az ; pr&#xF3;logo Jos&#xE9; Sili&#xE9;, Jos&#xE9; G. Guerrero.</subfield>
  </datafield>
  <datafield tag="260" ind1=" " ind2=" ">
    <subfield code="a">Santo Domingo :</subfield>
    <subfield code="b">B&#xFA;ho,</subfield>
    <subfield code="c">2015.</subfield>
  </datafield>
  <datafield tag="300" ind1=" " ind2=" ">
    <subfield code="a">v. :</subfield>
    <subfield code="b">il., mapas, retrs. ;</subfield>
    <subfield code="c">28 cm.</subfield>
  </datafield>
  <datafield tag="500" ind1=" " ind2=" ">
    <subfield code="a">Incluye datos biogr&#xE1;ficos del autor en la solapa de la cubierta.</subfield>
  </datafield>
  <datafield tag="504" ind1=" " ind2=" ">
    <subfield code="a">Bibliograf&#xED;a : p. 705-706</subfield>
  </datafield>
  <datafield tag="505" ind1="0" ind2=" ">
    <subfield code="a">v. 1</subfield>
    <subfield code="t">Introducci&#xF3;n --</subfield>
    <subfield code="t">El juro m&#xE9;dico --</subfield>
    <subfield code="t">Cronolog&#xED;a --</subfield>
    <subfield code="t">Los primeros a&#xF1;os (1900-1916) --</subfield>
    <subfield code="t">La salud durante la ocupaci&#xF3;n militar norteamericana (1916-1923) --</subfield>
    <subfield code="t">El final de la ocupaci&#xF3;n y la llegada de trujillo (1923-1930) --</subfield>
    <subfield code="t">Inicios de la Era de Trujillo (1930-1940) --</subfield>
    <subfield code="t">Centenario de la Rep&#xFA;blica Dominicana (1940-1950) --</subfield>
    <subfield code="t">Conferencia Sanitaria Panamericana. La feria de la paz (1950-1960) --</subfield>
    <subfield code="t">Final de la Era de Trujillo, guerra civil y democracia (1960-1970) --</subfield>
    <subfield code="t">La modernizaci&#xF3;n de la medicina domicana (1970-1980) --</subfield>
    <subfield code="t">La erradicaci&#xF3;n del polio y la aparici&#xF3;n del SIDA. Irregularidades en t&#xED;tulos universitarios (1980-1990) --</subfield>
    <subfield code="t">Inicio de las subespecialidades (1990-2000) --</subfield>
    <subfield code="t">Actas e historia del colegio m&#xE9;dico dominicano --</subfield>
  </datafield>
  <datafield tag="505" ind1="0" ind2=" ">
    <subfield code="g">v. 2</subfield>
    <subfield code="t">Especialidades --</subfield>
    <subfield code="t">La especializaci&#xF3;n de la medicina dominicana --</subfield>
    <subfield code="t">Historia de la anatom&#xED;a patol&#xF3;gica y medicina forense --</subfield>
    <subfield code="t">Historia de la lucha contra la diabetes en la Rep&#xFA;blica Dominicana --</subfield>
    <subfield code="t">Evoluci&#xF3;n del s&#xED;ndrome de inmunodeficiencia adquirida en Rep&#xFA;blica Dominicana --</subfield>
    <subfield code="t">Historia de la gastroenterolog&#xED;a y la Sociedad Dominicana de gastroenterolog&#xED;a --</subfield>
    <subfield code="t">Historia de la pediatr&#xED;a y la Sociedad Dominicana de Pediatr&#xED;a --</subfield>
    <subfield code="t">Historia de la ortopedia en la Republica Dominicana --</subfield>
    <subfield code="t">Historia de la radiolog&#xED;a dominicana --</subfield>
    <subfield code="t">Historia de la psiquiatr&#xED;a y la Sociedad Dominicana de psiquiatr&#xED;a --</subfield>
    <subfield code="t">Historia de la cardiolog&#xED;a y la Sociedad Dominicana de cardiolog&#xED;a --</subfield>
    <subfield code="t">Historia de la Sociedad Dominicana de Oftalmolog&#xED;a --</subfield>
    <subfield code="t">Historia de la dermatolog&#xED;a y la Sociedad Dominicana de Dermatolog&#xED;a --</subfield>
    <subfield code="t">Historia de la Sociedad Dominicana de Otorrinolaringolog&#xED;a --</subfield>
    <subfield code="t">Los inicios de la obstetricia y la ginecolog&#xED;a y la Sociedad Dominicana de Ginecolog&#xED;a y Obstetricia --</subfield>
    <subfield code="t">Evoluci&#xF3;n de la cirug&#xED;a dominicana: la cirug&#xED;a pl&#xE1;stica y manejo de quemados --</subfield>
    <subfield code="t">Historia de la anestesia en Rep&#xFA;blica Dominicana --</subfield>
    <subfield code="t">Apuntes sobre la medicina militar --</subfield>
    <subfield code="t">Trabajo de Heriberto Pieter --</subfield>
    <subfield code="t">Historia de la medicina en algunas ciudades --</subfield>
    <subfield code="t">Publicaciones m&#xE9;dicas dominicanas --</subfield>
    <subfield code="t">Biograf&#xED;as de m&#xE9;dicos dominicanos --</subfield>
    <subfield code="t">La ense&#xF1;anza de la medicina en Rep&#xFA;blica Dominicana</subfield>
    <subfield code="t">Salud y pol&#xED;tica --</subfield>
    <subfield code="t">Aspectos legales del ejercicio m&#xE9;dico en Rep&#xFA;blica Dominicana --</subfield>
    <subfield code="t">Clinicas y hospitales.</subfield>
  </datafield>
  <datafield tag="700" ind1="1" ind2="2">
    <subfield code="a">Sili&#xE9;, Jos&#xE9;,</subfield>
    <subfield code="e">pr&#xF3;l.</subfield>
    <subfield code="9">74039</subfield>
  </datafield>
  <datafield tag="700" ind1="1" ind2="2">
    <subfield code="a">Guerrero, Jos&#xE9; G.,</subfield>
    <subfield code="e">pr&#xF3;l.</subfield>
    <subfield code="9">18729</subfield>
  </datafield>
  <datafield tag="952" ind1=" " ind2=" ">
    <subfield code="0">0</subfield>
    <subfield code="1">0</subfield>
    <subfield code="7">1</subfield>
    <subfield code="8">PD</subfield>
    <subfield code="a">PD</subfield>
    <subfield code="b">PD</subfield>
    <subfield code="c">CT</subfield>
    <subfield code="d">2015-06-03</subfield>
    <subfield code="i">LF1</subfield>
    <subfield code="l">0</subfield>
    <subfield code="o">v. 1</subfield>
    <subfield code="p">45965-10</subfield>
    <subfield code="r">2020-06-25</subfield>
    <subfield code="w">2020-06-25</subfield>
    <subfield code="y">LFPD</subfield>
    <subfield code="Z">No se presta</subfield>
  </datafield>
  <datafield tag="952" ind1=" " ind2=" ">
    <subfield code="0">0</subfield>
    <subfield code="1">0</subfield>
    <subfield code="7">1</subfield>
    <subfield code="8">PD</subfield>
    <subfield code="a">PD</subfield>
    <subfield code="b">PD</subfield>
    <subfield code="c">CT</subfield>
    <subfield code="d">2015-06-03</subfield>
    <subfield code="i">LF1</subfield>
    <subfield code="l">0</subfield>
    <subfield code="o">v. 1, e. 2</subfield>
    <subfield code="p">45965-20</subfield>
    <subfield code="r">2020-06-25</subfield>
    <subfield code="w">2020-06-25</subfield>
    <subfield code="y">LFPD</subfield>
    <subfield code="Z">No se presta</subfield>
  </datafield>
  <datafield tag="952" ind1=" " ind2=" ">
    <subfield code="0">0</subfield>
    <subfield code="1">0</subfield>
    <subfield code="7">1</subfield>
    <subfield code="8">PD</subfield>
    <subfield code="a">PD</subfield>
    <subfield code="b">PD</subfield>
    <subfield code="c">CT</subfield>
    <subfield code="d">2015-06-03</subfield>
    <subfield code="i">LF1</subfield>
    <subfield code="l">0</subfield>
    <subfield code="o">v. 2</subfield>
    <subfield code="p">45965-30</subfield>
    <subfield code="r">2020-06-25</subfield>
    <subfield code="w">2020-06-25</subfield>
    <subfield code="y">LFPD</subfield>
    <subfield code="Z">No se presta</subfield>
  </datafield>
  <datafield tag="952" ind1=" " ind2=" ">
    <subfield code="0">0</subfield>
    <subfield code="1">0</subfield>
    <subfield code="7">1</subfield>
    <subfield code="8">PD</subfield>
    <subfield code="a">PD</subfield>
    <subfield code="b">PD</subfield>
    <subfield code="c">CT</subfield>
    <subfield code="d">2015-06-18</subfield>
    <subfield code="i">LF1</subfield>
    <subfield code="l">0</subfield>
    <subfield code="o">v. 2, e. 2</subfield>
    <subfield code="p">45965-40</subfield>
    <subfield code="r">2020-06-25</subfield>
    <subfield code="w">2020-06-25</subfield>
    <subfield code="y">LFPD</subfield>
    <subfield code="Z">No se presta</subfield>
  </datafield>
  <datafield tag="999" ind1=" " ind2=" ">
    <subfield code="c">45454</subfield>
    <subfield code="d">45454</subfield>
  </datafield>
</record>
